LEADER 00825nam0-22002891i-450- 001 990003862860403321 005 20080118093648.0 035 $a000386286 035 $aFED01000386286 035 $a(Aleph)000386286FED01 035 $a000386286 100 $a20030910d1969----km-y0itay50------ba 101 0 $afre 102 $aIT 200 1 $aVers une stratégie du développement agricole$ele cinq domaines de concentration des efforts de la Fao 210 $aRome$cFAO$d1969 215 $aix, 74 p.$d23 cm 610 0 $aPolitica agraria 610 0 $aSviluppo agrario 710 02$aFAO$017670 801 0$aIT$bUNINA$gRICA$2UNIMARC 901 $aBK 912 $a990003862860403321 952 $aH/1.14 FAO/5$b042515$fSES 959 $aSES 996 $aVers une strategie du developpement agricole$9413161 997 $aUNINA LEADER 02276nam0 2200445 450 001 000016524 005 20241105143626.0 100 $a20080925d1988----km-y0itay50------ba 101 0 $aita 102 $aIT 105 $ay-------001yy 200 1 $aStato ed economia$eistituzioni, efficienza, sviluppo$fa cura del Centro studi Confindustria$gprefazione di Luigi Lucchini$gintroduzione di Luigi Abete$gpresentazione di Innocenzo Cipolletta 210 $aMilano$cIl Sole 24 ore$d1988 215 $a3 v.$d24 cm 225 2 $aStudi e convegni 300 $aIl v. 3 è in due tomi. 327 1 $a1.: Lo Stato : come incassa : ricerca / effettuata dal Centro Europa Ricerche ; prefazione di Luigi Lucchini ; introduzione di Luigi Abete ; presentazione di Innocenzo Cipolletta ; sintesi introduttiva di Antonio Pedone$a2.1.: Lo Stato : come spende : ricerche effettuate da / Censis e Formez ; prefazione di Luigi Lucchini ; introduzione di Luigi Abete ; presentazione di Innocenzo Cipolletta ; sintesi introduttiva di Mario Baldassarri$a2.2.: Lo Stato : come spende / ricerche effettuate da AREL e Cergas ; sintesi introduttiva di Mario Baldassarri$a3.: Lo Stato : come investe / ricerca effettuata dal GRIF (Gruppo ricerche finanziarie)-LUISS ; sintesi introduttiva di Fabrizio Galimberti 410 0$12001$aStudi e convegni 610 1 $aItalia$aFinanza 610 1 $aTributi$aItalia 610 1 $aSpese pubbliche$aItalia 610 1 $aInvestimenti pubblici$aItalia 676 $a336.45$v19$9Finanza pubblica. Italia 676 $a336.200945$v19$9Tasse e tassazione. Italia 676 $a336.390945$v19$9Spesa pubblica. Italia 676 $a332.672520945$v19$9Investimenti sul mercato da parte dell'amministrazione pubblica. Italia 702 1$aCipolletta,$bInnocenzo 702 1$aLucchini,$bPier Luigi 702 1$aAbete,$bLuigi 712 02$aConfindustria :$bCentro studi 801 0$aIT$bUNIPARTHENOPE$c20080925$gRICA$2UNIMARC 912 $a000016524 951 $a323/135$b6495$cNAVA2 951 $a323/136$b6496$cNAVA2 951 $a323/137$b6497$cNAVA2 951 $a323/138$b6488$cNAVA2 951 $aDIP I-0122$b206SA$cNAVA2$d2023 951 $aDIP I -0287$b206EXSA$cNAVA2$d2023 996 $aStato ed economia$9734675 997 $aUNIPARTHENOPE